[Event "Titled Tuesday intern op 26th Oct"]
[Site "Chess.com INT"]
[Date "2021.10.26"]
[Round "7"]
[White "Markidis, Konstantinos"]
[Black "Molina, Roberto Junio Brito"]
[Result "1-0"]
[WhiteElo "2240"]
[BlackElo "2434"]
[PlyCount "81"]
[EventDate "2021.10.26"]
[EventType "swiss (blitz)"]
[EventRounds "11"]
[EventCountry "USA"]
[SourceTitle "CBM 204 Extra"]
[Source "ChessBase"]
[SourceDate "2021.11.30"]
[SourceVersion "1"]
[SourceVersionDate "2021.11.30"]
[SourceQuality "1"]

1. e4 c6 2. d4 d5 3. Nc3 dxe4 4. Nxe4 Nd7 5. Nf3 Ngf6 6. Nxf6+ Nxf6 7. Ne5 Nd7 8. Nf3 Nf6 9. Ne5 g6 10. Bc4 Nd5 11. 0-0 Bg7 12. Re1 0-0 13. c3 Be6 14. Bd3 Rc8 15. Nf3 Bg4 16. h3 Bxf3 17. Qxf3 e6 18. Bc4 b5 19. Bb3 a5 20. a4 Nb6 21. axb5 a4 22. Bc2 cxb5 23. Qd3 Qd7 24. Bg5 Nc4 25. b3 axb3 26. Bxb3 Rc7 27. Qf3 h6 28. Bf4 Ra7 29. Bxc4 bxc4 30. Rxa7 Qxa7 31. Be5 Bxe5 32. Rxe5 Rc8 33. h4 h5 34. g4 hxg4 35. Qxg4 Qa1+ 36. Kg2 Qxc3 37. h5 Rd8 38. hxg6 Qxd4 39. gxf7+ Kxf7 40. Qxe6+ Kg7 41. Rg5+ 1-0

[Event "Titled Tuesday intern op 26th Oct"]
[Site "Chess.com INT"]
[Date "2021.10.26"]
[Round "8"]
[White "Preotu, Razvan"]
[Black "Markidis, Konstantinos"]
[Result "1-0"]
[WhiteElo "2475"]
[BlackElo "2240"]
[PlyCount "67"]
[EventDate "2021.10.26"]
[EventType "swiss (blitz)"]
[EventRounds "11"]
[EventCountry "USA"]
[SourceTitle "CBM 204 Extra"]
[Source "ChessBase"]
[SourceDate "2021.11.30"]
[SourceVersion "1"]
[SourceVersionDate "2021.11.30"]
[SourceQuality "1"]

1. e4 e6 2. d4 d5 3. Nc3 h6 4. Nf3 Nf6 5. Bd3 Bb4 6. e5 Ne4 7. Bd2 Nxd2 8. Qxd2 c5 9. a3 Qa5 10. 0-0 Bxc3 11. bxc3 c4 12. Be2 Nd7 13. Nh4 Nb6 14. f4 Na4 15. Rf3 g5 16. fxg5 hxg5 17. Qxg5 Nxc3 18. Rxf7 Nxe2+ 19. Kh1 Qd8 20. Qg6 Qxh4 21. Rh7+ Kd8 22. Rxh4 Rxh4 23. Qf6+ Kc7 24. Qxh4 Bd7 25. Rf1 Nc3 26. Rf7 Ne4 27. Qe7 Rd8 28. h4 a5 29. Kg1 Ng3 30. Qd6+ Kc8 31. Rf8 Ne2+ 32. Kf2 Nxd4 33. Rxd8+ Kxd8 34. Qb6+ 1-0

[Event "GRE-chT2 48th"]
[Site "Thessaloniki"]
[Date "2021.10.07"]
[Round "4.2"]
[White "Markidis, Konstantinos"]
[Black "Neugebauer, Martin"]
[Result "1/2-1/2"]
[WhiteElo "2240"]
[BlackElo "2485"]
[PlyCount "61"]
[EventDate "2021.10.05"]
[EventType "team-swiss"]
[EventRounds "7"]
[EventCountry "GRE"]
[SourceTitle "CBM 204 Extra"]
[Source "ChessBase"]
[SourceDate "2021.11.30"]
[SourceVersion "1"]
[SourceVersionDate "2021.11.30"]
[SourceQuality "1"]
[WhiteTeam "Alexandroupolis Ethnikos"]
[BlackTeam "Galaxias"]
[WhiteTeamCountry "GRE"]
[BlackTeamCountry "GRE"]

1. e4 c6 2. Nf3 d5 3. Nc3 dxe4 4. Nxe4 Nf6 5. Ng3 c5 6. b3 h5 7. h3 a6 8. Bd3 Nc6 9. Bb2 Nb4 10. Be2 e6 11. Ne5 Bd6 12. Nc4 Bc7 13. Bf3 h4 14. Ne4 Qe7 15. Ne5 Kf8 16. 0-0 Nd7 17. d4 cxd4 18. Nxd7+ Bxd7 19. Bxd4 b6 20. Qd2 Rc8 21. c4 Nc6 22. Bb2 Ne5 23. Qe3 Nxf3+ 24. Qxf3 Bc6 25. a4 Kg8 26. Ba3 Qe8 27. Nf6+ gxf6 28. Qg4+ Kh7 29. Qxh4+ Kg7 30. Qg4+ Kh7 31. Qh4+ 1/2-1/2

[Event "GRE-chT2 48th"]
[Site "Thessaloniki"]
[Date "2021.10.06"]
[Round "2.3"]
[White "Homatidis, Panagiotis"]
[Black "Markidis, Konstantinos"]
[Result "0-1"]
[WhiteElo "2065"]
[BlackElo "2240"]
[PlyCount "60"]
[EventDate "2021.10.05"]
[EventType "team-swiss"]
[EventRounds "7"]
[EventCountry "GRE"]
[SourceTitle "CBM 204 Extra"]
[Source "ChessBase"]
[SourceDate "2021.11.30"]
[SourceVersion "1"]
[SourceVersionDate "2021.11.30"]
[SourceQuality "1"]
[WhiteTeam "Kalamarias ES"]
[BlackTeam "Alexandroupolis Ethnikos"]
[WhiteTeamCountry "GRE"]
[BlackTeamCountry "GRE"]

1. e4 e6 2. d4 d5 3. exd5 exd5 4. Bd3 c5 5. Qe2+ Be7 6. dxc5 Nf6 7. Nf3 0-0 8. 0-0 Bxc5 9. Bg5 h6 10. Bh4 Nc6 11. Nc3 Be6 12. a3 Re8 13. Rae1 a6 14. Qd2 Be7 15. Bg3 Nh5 16. Ne2 Nxg3 17. Nxg3 Bf6 18. c3 d4 19. c4 Na5 20. Nh5 Bg5 21. Qb4 Be7 22. Qa4 Rc8 23. Rxe6 fxe6 24. Qc2 Bd6 25. Bh7+ Kh8 26. Qg6 Bf8 27. Ne5 Rc7 28. Qe4 Nc6 29. Ng6+ Kxh7 30. Ne7+ Kh8 0-1

[Event "Titled Tuesday intern op 21st Sept"]
[Site "Chess.com INT"]
[Date "2021.09.21"]
[Round "5"]
[White "Markidis, Konstantinos"]
[Black "Harika, Dronavalli"]
[Result "1-0"]
[WhiteElo "2240"]
[BlackElo "2511"]
[PlyCount "103"]
[EventDate "2021.09.21"]
[EventType "swiss (blitz)"]
[EventRounds "9"]
[EventCountry "USA"]
[SourceTitle "EXT 2022"]
[Source "ChessBase"]
[SourceDate "2021.10.06"]
[SourceVersion "1"]
[SourceVersionDate "2021.10.06"]
[SourceQuality "1"]

1. e4 c6 2. d4 d5 3. Nc3 dxe4 4. Nxe4 Nf6 5. Nxf6+ exf6 6. c3 Bd6 7. Bd3 0-0 8. Qc2 h5 9. Ne2 Re8 10. 0-0 Nd7 11. Bd2 Nf8 12. Rae1 h4 13. h3 Bc7 14. f4 Qd5 15. c4 Qd6 16. c5 Qd8 17. f5 b6 18. b4 a5 19. a3 axb4 20. axb4 Ba6 21. Bxa6 Rxa6 22. Bf4 Bxf4 23. Rxf4 Qd5 24. Qd3 Ra2 25. Rff1 bxc5 26. bxc5 Qd7 27. Nc3 Ra3 28. Rxe8 Qxe8 29. Qd2 Nh7 30. Re1 Qd7 31. d5 Ng5 32. d6 Ra5 33. Qd4 Ra7 34. Ne4 Qxf5 35. Nxg5 fxg5 36. Qe3 Rd7 37. Qe5 Qxe5 38. Rxe5 f6 39. Re8+ Kf7 40. Rc8 Ke6 41. Rxc6 Kd5 42. Rc7 Rd8 43. Kf2 g6 44. d7 Ke6 45. c6 f5 46. Ke3 g4 47. Kf4 gxh3 48. gxh3 Ke7 49. Rc8 Rxd7 50. cxd7 Kxd7 51. Rg8 Ke7 52. Rxg6 1-0

[Event "Titled Tuesday intern op 21st Sept"]
[Site "Chess.com INT"]
[Date "2021.09.21"]
[Round "4"]
[White "Markidis, Konstantinos"]
[Black "Novikova, Galina"]
[Result "1-0"]
[WhiteElo "2240"]
[BlackElo "2073"]
[PlyCount "83"]
[EventDate "2021.09.21"]
[EventType "swiss (blitz)"]
[EventRounds "9"]
[EventCountry "USA"]
[SourceTitle "EXT 2022"]
[Source "ChessBase"]
[SourceDate "2021.10.06"]
[SourceVersion "1"]
[SourceVersionDate "2021.10.06"]
[SourceQuality "1"]

1. e4 e6 2. d4 d5 3. e5 c5 4. c3 Nc6 5. Nf3 Bd7 6. Be2 f6 7. 0-0 Qc7 8. c4 0-0-0 9. cxd5 exd5 10. Nc3 Be6 11. Bf4 Qf7 12. Rc1 c4 13. Bg3 Nh6 14. exf6 gxf6 15. Qa4 Nf5 16. b3 Nxg3 17. hxg3 cxb3 18. axb3 Kb8 19. Bb5 Bd7 20. Ra1 Bd6 21. Bxc6 Bxc6 22. Qxa7+ Kc7 23. Rfc1 Kd7 24. Na4 Ke8 25. Nc5 Bxc5 26. dxc5 Kf8 27. Nd4 Qd7 28. Qb6 Kf7 29. Ra7 Rc8 30. b4 Rc7 31. b5 Bxb5 32. Nxb5 Rc6 33. Qxb7 Qxb7 34. Rxb7+ Kg6 35. Nd4 Rcc8 36. c6 Rhe8 37. g4 Re4 38. Nf5 Kg5 39. f3 Re2 40. Kh2 Kf4 41. Rb4+ Ke5 42. c7 1-0

[Event "Kavala op 30th"]
[Site "Kavala"]
[Date "2021.08.06"]
[Round "7"]
[White "Markidis, Konstantinos"]
[Black "Stoimenidis, Dimitrios"]
[Result "1/2-1/2"]
[WhiteElo "2209"]
[BlackElo "1785"]
[PlyCount "86"]
[EventDate "2021.08.01"]
[EventType "swiss"]
[EventRounds "9"]
[EventCountry "GRE"]
[SourceTitle "CBM 203 Extra"]
[Source "ChessBase"]
[SourceDate "2021.09.30"]
[SourceVersion "1"]
[SourceVersionDate "2021.09.30"]
[SourceQuality "1"]

1. e4 e5 2. Nf3 Nc6 3. Bb5 a6 4. Ba4 Nf6 5. 0-0 Be7 6. Re1 b5 7. Bb3 d6 8. c3 0-0 9. h3 Na5 10. Bc2 c5 11. d4 Nd7 12. d5 Nb6 13. Nbd2 Bd7 14. Nf1 Qc7 15. b3 Nb7 16. Ng3 Rfe8 17. Nf5 Bf8 18. g4 f6 19. Kh1 Nd8 20. g5 Nf7 21. gxf6 g6 22. Rg1 Qd8 23. N3h4 Qxf6 24. Qh5 Nh8 25. Be3 Bg7 26. Nxg7 Qxg7 27. Qf3 Qf7 28. Qg2 Qf6 29. Nf5 Nf7 30. Kh2 Nxd5 31. Nxd6 Nxe3 32. Nxe8 Qf4+ 33. Qg3 Nxc2 34. Qxf4 exf4 35. Nf6+ Kg7 36. Nxd7 Nxa1 37. Rxa1 c4 38. bxc4 bxc4 39. Rb1 Rd8 40. Nc5 Rd2 41. Ne6+ Kh6 42. Kg2 Re2 43. Nxf4 Rxe4 1/2-1/2